00774nam a2200205 u 450000100100000000500170001000800410002704000250006808200130009310000270010624500520013325000300018526000440021530000280025950000730028759000710036004900090043195201110044099900170055100003614720200930074922.0111220s1961 ag r 000 0 spa d aDO-SdBNPbspacBNPHU axxxbxxx1 aRobles, Oswaldo96218410aIntroducción a la psicología científica/. a4a ed., corr. y aumentada aArgentina :bEditorial Porrúa,c1961. a267 p. :bil. ;c22 cm. aIncluye referencias bibliográficas y notas al pie de las páginas aPerteneció a la bibliteca personal Juan Isidro Jimenes Grullón aBNPD 001050718RVaPDbPDcCTd2011-12-20iLF1l0oxxx xxxp36147-10r2020-06-25w2020-06-25y1ZNo se presta c35638d35638